<?xml version="1.0" encoding="UTF-8"?>
<record
    xmlns:xsi="http://www.w3.org/2001/XMLSchema-instance"
    xsi:schemaLocation="http://www.loc.gov/MARC21/slim http://www.loc.gov/standards/marcxml/schema/MARC21slim.xsd"
    xmlns="http://www.loc.gov/MARC21/slim">

  <leader>01319    a2200181   4500</leader>
  <controlfield tag="001">123862</controlfield>
  <datafield tag="020" ind1=" " ind2=" ">
    <subfield code="a">9788585357580</subfield>
  </datafield>
  <datafield tag="040" ind1=" " ind2=" ">
    <subfield code="c">Escola Canadense de Niteroi</subfield>
  </datafield>
  <datafield tag="090" ind1=" " ind2=" ">
    <subfield code="a">ROO-D1</subfield>
  </datafield>
  <datafield tag="100" ind1=" " ind2=" ">
    <subfield code="a">Armstrong, Jennifer</subfield>
  </datafield>
  <datafield tag="245" ind1="1" ind2="0">
    <subfield code="a">Dito e feito</subfield>
  </datafield>
  <datafield tag="260" ind1=" " ind2=" ">
    <subfield code="a">S&#xE3;o Paulo</subfield>
  </datafield>
  <datafield tag="300" ind1=" " ind2=" ">
    <subfield code="b">il.</subfield>
    <subfield code="c">1 x 20.6 x 0.8 cm</subfield>
  </datafield>
  <datafield tag="362" ind1="0" ind2=" ">
    <subfield code="a">1996</subfield>
  </datafield>
  <datafield tag="520" ind1=" " ind2=" ">
    <subfield code="a">Hugo precisa muito passar a ponte. Ele quer tentar a sorte do outro lado da cidade, onde acredita que ter&#xE1; todas as chances de fazer fortuna. Mas, se ele pensa que ser&#xE1; f&#xE1;cil, est&#xE1; bastante enganado. O guarda da ponte resolveu que vai desafiar a coragem de Hugo e faz&#xEA;-lo provar que quer mesmo passar pela tal ponte. Sens&#xED;vel narrativa de Jennifer Armstrong, que possui uma lista generosa de livros publicados em todo o mundo. Sua tem&#xE1;tica &#xE9; marcada pela trajet&#xF3;ria do her&#xF3;i infantil que deve vencer muitos desafios para que possa alcan&#xE7;ar seus objetivos. Kimberly coloca a narrativa num belo campo recheado de personagens encantadores que ajudar&#xE3;o o garoto, enquanto se ajudam mais do que imaginam. Suas aquarelas singelas parecem aumentar a torcida do leitor para que Hugo consiga pagar o ped&#xE1;gio no menor espa&#xE7;o de tempo. Jennifer insiste nos pequenos her&#xF3;is, pois sabe que eles ainda fazem a diferen&#xE7;a.</subfield>
  </datafield>
  <datafield tag="650" ind1=" " ind2="4">
    <subfield code="a">Literatura Infantil</subfield>
  </datafield>
  <datafield tag="942" ind1=" " ind2=" ">
    <subfield code="c">BK</subfield>
  </datafield>
  <datafield tag="952" ind1=" " ind2=" ">
    <subfield code="0">0</subfield>
    <subfield code="1">0</subfield>
    <subfield code="4">0</subfield>
    <subfield code="7">0</subfield>
    <subfield code="a">80.1</subfield>
    <subfield code="b">80.1</subfield>
    <subfield code="d">2024-02-09</subfield>
    <subfield code="l">0</subfield>
    <subfield code="o">ROO-D1</subfield>
    <subfield code="p">A02115</subfield>
    <subfield code="r">2024-02-09 21:20:04</subfield>
    <subfield code="w">2024-02-09</subfield>
    <subfield code="y">BK</subfield>
  </datafield>
  <datafield tag="999" ind1=" " ind2=" ">
    <subfield code="c">123862</subfield>
    <subfield code="d">123862</subfield>
  </datafield>
</record>
